LIBRARY & INFORMATION CENTRE, KCAET, TAVANUR

ONLINE PUBLIC ACCESS CATALOGUE (OPAC)

Development and testing of coleus and ginger harvester (Record no. 14932)

MARC details
000 -LEADER
fixed length control field 00647nam a22001817a 4500
003 - CONTROL NUMBER IDENTIFIER
control field OSt
088 ## - REPORT NUMBER
Report number P 208
100 ## - MAIN ENTRY--AUTHOR NAME
Personal name AJOY KUMAR DAS
-- DHANYA AUGUSTINE
-- NADIYA NESTHAD
245 ## - TITLE STATEMENT
Title Development and testing of coleus and ginger harvester
260 ## - PUBLICATION, DISTRIBUTION, ETC. (IMPRINT)
Place of publication Tavanur 2009
Name of publisher Department of Farm Power Machinery and Energy
300 ## - PHYSICAL DESCRIPTION
Number of Pages 52
500 ## - GENERAL NOTE
General note Development and testing of coleus and ginger harvester
520 ## - SUMMARY, ETC.
Summary, etc Development and testing of coleus and ginger harvester
700 ## - ADDED ENTRY--PERSONAL NAME
Personal name Dr. Jayan P.R (Guide)
856 ## - ELECTRONIC LOCATION AND ACCESS
Uniform Resource Identifier https://drive.google.com/open?id=1Ftmt51MdhSFdw134E-5mQLLVeJe-DTja
942 ## - ADDED ENTRY ELEMENTS (KOHA)
Koha item type Project Report
Holdings
Collection code Home library Current library Shelving location Full call number Accession Number Koha item type
Reference KAUAET KAUAET Reference 631.3 DAS/DE P 208 Project Report
free website counter